000 00639nam a2200193 4500
001 113929
003 ES-MaACL
007 t|
008 061121m19611963sp r ||||1| spa d
100 1 _aPagés Vidal, Feliciano.
_988290
245 1 0 _aMística para seglares /
_cPbro. Felliciano Pagés Vidal.
260 _aBilbao :
_bDesclée de Brouwer,
_c1961-1963.
300 _a2 v. ;
_c19 cm.
490 1 _aColección spitirus
505 8 _aContiene: V. I. Misterio de la configuración en Cristo. - V. II. Cristo vive en mí.
830 0 _aColección spitirus
_9233223
852 _aES-MaACL
_jE-4912-13
_bR.48077
999 _c113929
_d113929